Forestry : Facts, figures and trends.

Bibliographic Details
Main Author: Ministry of Agriculture and Forests Bhutan
Format: Book
Published: Thimphu : Ministry of Agriculture and Forests Bhutan. , 2011
Subjects:

MARC

LEADER 00000cam a2200000 7i4500
001 0000003991
005 20130815.0
090 0 0 |a 634.9   |b BHUT 
100 1 0 |a Ministry of Agriculture and Forests Bhutan 
245 1 0 |a Forestry :   |b Facts, figures and trends. 
260 0 0 |a Thimphu :   |b Ministry of Agriculture and Forests Bhutan. ,   |c 2011 
300 |a x. 74p.: :   |b ill., maps ;   |c 24 cm. 
650 0 0 |a Forests and forestry   |z Bhutan 
998 |a JPSM 
999 |a 007795   |b Monograph   |c Open Shelf   |e Default branch 
999 |a 007796   |b Monograph   |c Open Shelf   |e Default branch